书目信息 |
| 题名: |
广告学教程
|
|
| 作者: | 李宝元 编著 | |
| 分册: | ||
| 出版信息: | 北京 人民邮电出版社 2004.9 |
|
| 页数: | XII,465页 | |
| 开本: | 24cm | |
| 丛书名: | ||
| 单 册: | ||
| 中图分类: | F713.80-43 | |
| 科图分类: | ||
| 主题词: | 广告学--guang gao xue , 广告学--guang gao xue--高等学校--教材 | |
| 电子资源: | ||
| ISBN: | 7-115-12577-5 | |
| 000 | 01013nam0 2200301 450 | |
| 001 | CAL 012006006660 | |
| 005 | 20061116092834.50 | |
| 010 | @a7-115-12577-5@dCNY39.00 | |
| 100 | @a20061012d2004 em y0chiy0120 ea | |
| 101 | 0 | @achi |
| 102 | @aCN@b110000 | |
| 105 | @ay a 000yy | |
| 200 | 1 | @a广告学教程@Aguang gao xue jiao cheng@f李宝元编著 |
| 205 | @a2版 | |
| 210 | @a北京@c人民邮电出版社@d2004.9 | |
| 215 | @aXII,465页@d24cm | |
| 300 | @a工商管理精选教材 | |
| 305 | @a版权页题: 2004年9月第1版 2004年9月第1次印刷 | |
| 320 | @a有书目 (第463-465页) | |
| 330 | @a本书共分为广告基础知识、广告运作框架、广告业务操作、广告宏观环境四篇, 共12章。具体内容包括: 广告简史; 广告理论; 广告经营; 广告目标; 广告心理等。 | |
| 333 | @a阅读对象: 高校师生等 | |
| 510 | 1 | @aAdvertisement@zeng |
| 606 | 0 | @a广告学@Aguang gao xue |
| 606 | 0 | @a广告学@Aguang gao xue@x高等学校@j教材 |
| 690 | @aF713.80-43@v4 | |
| 701 | 0 | @a李宝元@Ali bao yuan@4编著 |
| 801 | 0 | @aCN@c20061116 |
| 905 | @a10447@dF713.80-43@eL120 | |
| 广告学教程/李宝元编著.-2版.-北京:人民邮电出版社,2004.9 |
| XII,465页;24cm |
| 工商管理精选教材.-使用对象:阅读对象: 高校师生等 |
| ISBN 7-115-12577-5:CNY39.00 |
| 本书共分为广告基础知识、广告运作框架、广告业务操作、广告宏观环境四篇, 共12章。具体内容包括: 广告简史; 广告理论; 广告经营; 广告目标; 广告心理等。 |
| ● |
| 相关链接 |
|
|
|
正题名:广告学教程
索取号:F713.80-43/L120
 
预约/预借
| 序号 | 登录号 | 条形码 | 馆藏地/架位号 | 状态 | 备注 |
| 1 | 635681 | 206356815 | 社科库409/422社科库 36排4列2层/ [索取号:F713.80-43/L120] | 在馆 | |
| 2 | 635682 | 206356824 | 社科库409/409社科库 44排6列5层/ [索取号:F713.80-43/L120] | 在馆 | |
| 3 | 635683 | 206356833 | 社科二线422/422社科库 37排1列5层/ [索取号:F713.80-43/L120] | 在馆 |